000 00648cam a22002171 4500
001 sa 64001614
003 DLC
005 20260227112003.0
008 741122s1963 ii c 000 0 eng
010 _asa 64001614
035 _a(OCoLC)1085368
040 _aDLC
_cNBuU
_dDLC
042 _apremarc
050 0 0 _aBP585.B3
_bR3
100 1 _aRamaswami Aiyar, C. P.
_q(Chetpat Pattabhirama),
_d1879-1966.
245 1 0 _aAnnie Besant.
260 _a[Delhi]
_bPublications Division, Ministry of Information and Broadcasting,
_c[1963]
300 _a152 p.
_bport.
_c19 cm.
440 0 _aBuilders of modern India
600 1 0 _aBesant, Annie,
_d1847-1933.
999 _c56832
_d56832